000 01072nam a22002417a 4500
005 20240305165358.0
007 cr|||| ||||
008 120718s2011 mx |||||s|||| 00||0 spa d
035 _a6583
040 _avLex
090 _c3292
_d3292
100 1 _aBarcelata Chávez, Hilario
245 1 0 _aCoatzacoalcos
_h[Recurso electrónico] :
_bEconomía local y problemática social /
_cHilario Barcelata Chávez
256 _aServicio en línea
260 _a[s.l.] :
_bEditorial vLex,
_c2011
300 _a1 recurso electrónico
506 1 _aContenido solo disponible en los productos indicados
_dvLex Global
_dvLex Global (Academic Edition, excluding Law Schools)
_dvLex Global (U.S. Academic Edition, Law Schools)
_dvLex Global (U.S. Academic Edition, excluding Law Schools)
_dvLex Global (Academic Edition, Law Schools)
650 0 4 _aEconomía
_zMéxico
650 0 4 _aProblemas sociales
_zMéxico
740 0 _avLex Libros (Servicio en línea)
856 4 0 _uhttps://app.vlex.com/#/sources/coatzacoalcos-economia-local-problematica-social-6583
942 _cRAA
999 _c161697
_d161697